[Event "DRUGA LIGA SRBIJE-GRUPA VOJVODINA-2019."]
[Site "Kovacica"]
[Date "2019.11.05"]
[Round "7.1"]
[White "Varga, Zoltan"]
[Black "Hart, Alexander"]
[Result "1-0"]
[WhiteElo "2424"]
[BlackElo "1952"]
[PlyCount "75"]
[EventDate "2019.11.01"]
[WhiteTeam "SK Backa Pacir"]
[BlackTeam "SK Bora Ivkov Ban. N. Selo"]

1. e4 c6 2. c4 d5 3. exd5 cxd5 4. d4 Nf6 5. Nc3 Nc6 6. Bg5 e6 7. Nf3 Be7 8. Bd3
O-O 9. O-O Nb4 10. Be2 dxc4 11. Bxc4 b6 12. Qe2 Bb7 13. Rad1 Nbd5 14. Ne5 Nxc3
15. bxc3 Nd5 16. Bd2 Rc8 17. Rc1 Bd6 18. Bd3 f5 19. Rfe1 Bxe5 20. Qxe5 Nc7 21.
c4 Qf6 22. Qf4 Qg6 23. Bf1 Rf6 24. Rc3 Qf7 25. Ra3 a6 26. Rb3 Qd7 27. Qe5 Qc6
28. Bf4 Rg6 29. Bg3 h5 30. f3 Rf6 31. a4 b5 32. Reb1 Rg6 33. d5 Qc5+ 34. Bf2
Qf8 35. d6 Na8 36. axb5 axb5 37. Qxb5 Bc6 38. Qa6 1-0

[Event "DRUGA LIGA SRBIJE-GRUPA VOJVODINA-2019."]
[Site "Kovacica"]
[Date "2019.11.05"]
[Round "7.1"]
[White "Milanovic, Stanko"]
[Black "Arbutina, Sinisa"]
[Result "1-0"]
[WhiteElo "2143"]
[BlackElo "2323"]
[PlyCount "81"]
[EventDate "2019.11.01"]
[WhiteTeam "SK Bora Ivkov Ban. N. Selo"]
[BlackTeam "SK Backa Pacir"]

1. e4 e5 2. Nf3 Nc6 3. Bc4 Bc5 4. c3 Nf6 5. d3 d6 6. O-O O-O 7. b4 Bb6 8. a4 a5
9. b5 Ne7 10. Qb3 Ng6 11. h3 Rb8 12. Re1 Nh5 13. Nbd2 Nhf4 14. d4 c6 15. Ba3
exd4 16. cxd4 Ne6 17. Bxe6 Bxe6 18. d5 Bc8 19. e5 c5 20. exd6 Bd7 21. Nc4 Rc8
22. Bc1 f6 23. Ra2 Re8 24. Rae2 Rxe2 25. Rxe2 Ra8 26. Qd3 Ba7 27. h4 Bb8 28. h5
Nf8 29. Qe4 b6 30. Qe7 Ba7 31. h6 Qxe7 32. dxe7 Ng6 33. Nd6 Re8 34. Nxe8 Bxe8
35. Re6 Kf7 36. hxg7 Kxg7 37. Bb2 Kf7 38. Bxf6 Nf4 39. Ne5+ Kg8 40. Rd6 Nh5 41.
Nc6 1-0

[Event "DRUGA LIGA SRBIJE-GRUPA VOJVODINA-2019."]
[Site "Kovacica"]
[Date "2019.11.05"]
[Round "7.1"]
[White "Vidic, Stevan"]
[Black "Rajin, Milan"]
[Result "1-0"]
[WhiteElo "2267"]
[BlackElo "1920"]
[PlyCount "89"]
[EventDate "2019.11.01"]
[WhiteTeam "SK Backa Pacir"]
[BlackTeam "SK Bora Ivkov Ban. N. Selo"]

1. d4 d6 2. c4 g6 3. Nc3 Bg7 4. e4 Nf6 5. f3 O-O 6. Be3 b6 7. Qd2 c5 8. Nge2
Nc6 9. g3 Bd7 10. Bg2 Rb8 11. O-O cxd4 12. Nxd4 Qc8 13. Nxc6 Bxc6 14. Rac1 Qb7
15. Bd4 Rbd8 16. b3 a6 17. Nd5 Bxd5 18. cxd5 Rc8 19. Bh3 Rb8 20. Rc6 Nd7 21.
Bxg7 Kxg7 22. Qc3+ Nf6 23. Rc7 Qa8 24. Rxe7 Rfe8 25. Rc7 Rb7 26. Rc1 g5 27. Bf5
Re5 28. Rc8 Qa7 29. Qd4 Nh5 30. R1c6 f6 31. Bg4 Kg6 32. Bxh5+ Kxh5 33. Rxd6 Rf7
34. Rcc6 Qe7 35. h3 Kg6 36. Rxb6 Kg7 37. Rxa6 Kg8 38. Ra8+ Kg7 39. Rda6 Qc7 40.
Rc6 Qd7 41. Kg2 h5 42. Rxf6 Rfe7 43. Raa6 g4 44. Rg6+ Kf7 45. Raf6+ 1-0

[Event "DRUGA LIGA SRBIJE-GRUPA VOJVODINA-2019."]
[Site "Kovacica"]
[Date "2019.11.05"]
[Round "7.1"]
[White "Zivkovic, Milan B"]
[Black "Marjanusic, Vladimir"]
[Result "0-1"]
[WhiteElo "2046"]
[BlackElo "2208"]
[PlyCount "118"]
[EventDate "2019.11.01"]
[WhiteTeam "SK Bora Ivkov Ban. N. Selo"]
[BlackTeam "SK Backa Pacir"]

1. d4 Nf6 2. c4 g6 3. Nc3 Bg7 4. e4 d6 5. Bg5 h6 6. Bf4 O-O 7. Be2 Na6 8. Nf3
g5 9. Be3 Ng4 10. Bc1 e5 11. h3 exd4 12. Nxd4 Nf6 13. O-O Re8 14. Bf3 Nc5 15.
Re1 a5 16. Nf5 Bxf5 17. exf5 Rxe1+ 18. Qxe1 Qd7 19. Be3 Qxf5 20. Nb5 Ne8 21.
Bg4 Qe5 22. Bxc5 Qxc5 23. Qe2 c6 24. Nc3 Nf6 25. Bf3 Re8 26. Qd3 Qb4 27. Rb1
Re6 28. Ne2 Nd7 29. Bh5 Rf6 30. a3 Qc5 31. Rf1 Ne5 32. Qb3 Nxc4 33. Qc2 Ne5 34.
Qb3 b5 35. Ng3 a4 36. Qd1 Qc4 37. Be2 Qb3 38. Qd4 c5 39. Qe4 Qxb2 40. Rb1 Qd4
41. Qa8+ Kh7 42. Rf1 c4 43. Nh5 Re6 44. Bd1 d5 45. Qb7 Kg6 46. Ng3 Nd3 47. Bh5+
Kh7 48. Bxf7 Rf6 49. Bxd5 Nxf2 50. Kh2 Qe5 51. Rxf2 Rxf2 52. Be4+ Kh8 53. Qc8+
Rf8 54. Qg4 Qf4 55. Qe6 Qf6 56. Qg4 Qd6 57. h4 Be5 58. hxg5 Bxg3+ 59. Kh3 Qf4
0-1

[Event "DRUGA LIGA SRBIJE-GRUPA VOJVODINA-2019."]
[Site "Kovacica"]
[Date "2019.11.05"]
[Round "7.1"]
[White "Jesenski, Tibor"]
[Black "Njamcul, Dragan"]
[Result "1-0"]
[WhiteElo "2279"]
[BlackElo "2320"]
[PlyCount "57"]
[EventDate "2019.11.01"]
[WhiteTeam "SK Backa Pacir"]
[BlackTeam "SK Bora Ivkov Ban. N. Selo"]

1. d4 Nf6 2. Nf3 g6 3. g3 Bg7 4. c4 O-O 5. Bg2 c5 6. O-O cxd4 7. Nxd4 Nc6 8.
Nc3 a6 9. b3 Nxd4 10. Qxd4 d6 11. Bb2 Ng4 12. Qd2 Qa5 13. h3 Nf6 14. Rfd1 Qh5
15. g4 Qh4 16. Nd5 Nxd5 17. Bxg7 Kxg7 18. Qxd5 h5 19. gxh5 Qxh5 20. Qxh5 gxh5
21. Kh2 Rb8 22. Bf3 h4 23. Rd4 Rh8 24. Rg1+ Kf8 25. c5 Rh6 26. Rgd1 dxc5 27.
Rd8+ Kg7 28. Re8 Rh8 29. Rg1+ 1-0

[Event "DRUGA LIGA SRBIJE-GRUPA VOJVODINA-2019."]
[Site "Kovacica"]
[Date "2019.11.05"]
[Round "7.1"]
[White "Mik, Aurel"]
[Black "Kecskemeti, Arpad"]
[Result "0-1"]
[WhiteElo "2039"]
[BlackElo "2240"]
[PlyCount "68"]
[EventDate "2019.11.01"]
[WhiteTeam "SK Bora Ivkov Ban. N. Selo"]
[BlackTeam "SK Backa Pacir"]

1. e4 c5 2. Nc3 e6 3. f4 Nc6 4. Nf3 a6 5. a4 d5 6. exd5 exd5 7. d4 Nf6 8. Be3
cxd4 9. Nxd4 Bb4 10. Nxc6 bxc6 11. Be2 Qe7 12. Bd2 Bc5 13. Kf1 Rb8 14. Rb1 O-O
15. Bf3 Ne4 16. Bxe4 dxe4 17. Ne2 Bg4 18. h3 e3 19. Bc3 Qh4 20. Qe1 Bxe2+ 21.
Kxe2 Qxf4 22. b3 Qe4 23. Kd1 Rfd8+ 24. Kc1 Ba3+ 25. Rb2 Qxg2 26. Rg1 Qd2+ 27.
Kb1 Qxe1+ 28. Rxe1 Bxb2 29. Kxb2 Re8 30. Re2 f5 31. Bd4 f4 32. c3 Rbd8 33. Kc2
Rxd4 34. cxd4 f3 0-1

[Event "DRUGA LIGA SRBIJE-GRUPA VOJVODINA-2019."]
[Site "Kovacica"]
[Date "2019.11.05"]
[Round "7.2"]
[White "Jotic, Vladimir"]
[Black "Mandic, Milenko"]
[Result "1-0"]
[WhiteElo "2288"]
[BlackElo "1904"]
[PlyCount "49"]
[EventDate "2019.11.01"]
[WhiteTeam "SK Polet Rastina"]
[BlackTeam "SK Sloga Indjija"]

1. Nf3 Nf6 2. g3 d6 3. Bg2 g6 4. O-O Bg7 5. d3 c5 6. c4 Bd7 7. Nc3 Bc6 8. e4
Nbd7 9. Rb1 a5 10. b3 h5 11. h3 Ng4 12. d4 cxd4 13. Nxd4 Ngf6 14. Be3 Rc8 15.
Qd2 Nc5 16. Nxc6 bxc6 17. e5 Ng8 18. Rbd1 Nb7 19. exd6 exd6 20. Ne4 d5 21. cxd5
cxd5 22. Qxd5 Qxd5 23. Rxd5 a4 24. Rb5 axb3 25. axb3 1-0

[Event "DRUGA LIGA SRBIJE-GRUPA VOJVODINA-2019."]
[Site "Kovacica"]
[Date "2019.11.05"]
[Round "7.2"]
[White "Marceta, Dimitrije"]
[Black "Stocko, Josip"]
[Result "0-1"]
[WhiteElo "1766"]
[BlackElo "2281"]
[PlyCount "43"]
[EventDate "2019.11.01"]
[WhiteTeam "SK Sloga Indjija"]
[BlackTeam "SK Polet Rastina"]

1. d4 g6 2. Bf4 Bg7 3. e4 d6 4. Qd2 Nd7 5. Nc3 a6 6. O-O-O e5 7. Be3 b5 8. f3
Bb7 9. g4 b4 10. Nb1 a5 11. h4 h5 12. g5 Ne7 13. Nh3 O-O 14. Bg2 Nb6 15. dxe5
Nc4 16. Qf2 Qc8 17. f4 Re8 18. f5 Nxe3 19. Qxe3 Bxe5 20. f6 Nf5 21. Qd3 Nxh4
22. Bf1 0-1

[Event "DRUGA LIGA SRBIJE-GRUPA VOJVODINA-2019."]
[Site "Kovacica"]
[Date "2019.11.05"]
[Round "7.2"]
[White "Popovic, Milos T"]
[Black "Parkajic, Branislav"]
[Result "1/2-1/2"]
[WhiteElo "2369"]
[BlackElo "1922"]
[PlyCount "47"]
[EventDate "2019.11.01"]
[WhiteTeam "SK Polet Rastina"]
[BlackTeam "SK Sloga Indjija"]

1. d4 Nf6 2. Bg5 Ne4 3. Bf4 d5 4. e3 c5 5. Bd3 cxd4 6. Bxe4 dxe4 7. exd4 Nd7 8.
Nc3 Nf6 9. Qd2 e6 10. Nge2 Bd7 11. O-O Bc6 12. Rfe1 Rc8 13. a3 Bd6 14. Bxd6
Qxd6 15. Ng3 Qc7 16. d5 Bxd5 17. Nb5 Qc5 18. c4 O-O 19. cxd5 Qxb5 20. dxe6 fxe6
21. Nxe4 Nxe4 22. Rxe4 Rfd8 23. Qe2 Qxe2 24. Rxe2 1/2-1/2

[Event "DRUGA LIGA SRBIJE-GRUPA VOJVODINA-2019."]
[Site "Kovacica"]
[Date "2019.11.05"]
[Round "7.2"]
[White "Muskinja, Luka"]
[Black "Sljukic, Miodrag"]
[Result "0-1"]
[WhiteElo "1810"]
[BlackElo "2188"]
[PlyCount "82"]
[EventDate "2019.11.01"]
[WhiteTeam "SK Sloga Indjija"]
[BlackTeam "SK Polet Rastina"]

1. Nf3 Nf6 2. b3 d5 3. Bb2 e6 4. e3 Be7 5. d4 O-O 6. Bd3 b6 7. Nbd2 Bb7 8. c4
Nbd7 9. O-O c5 10. Qe2 Ne4 11. Ne5 Nxe5 12. dxe5 Nxd2 13. Qxd2 dxc4 14. bxc4
Be4 15. Rad1 Qxd3 16. Qxd3 Bxd3 17. Rxd3 Rfd8 18. Rfd1 Kf8 19. Kf1 Ke8 20. f4
Rxd3 21. Rxd3 Rd8 22. Ke2 Rxd3 23. Kxd3 Kd7 24. Bc3 Kc6 25. a4 a6 26. g4 Bh4
27. Ke4 b5 28. axb5+ axb5 29. cxb5+ Kxb5 30. Kd3 Bd8 31. e4 Ba5 32. Bxa5 Kxa5
33. Kc4 Kb6 34. h4 g6 35. f5 h5 36. g5 Kc6 37. Kc3 Kb5 38. f6 c4 39. Kd2 Kb4
40. Kc2 c3 41. Kd3 Kb3 0-1

[Event "DRUGA LIGA SRBIJE-GRUPA VOJVODINA-2019."]
[Site "Kovacica"]
[Date "2019.11.05"]
[Round "7.2"]
[White "Babic, Damir M"]
[Black "Ivanis, Goran"]
[Result "1/2-1/2"]
[WhiteElo "2103"]
[BlackElo "2061"]
[PlyCount "32"]
[EventDate "2019.11.01"]
[WhiteTeam "SK Polet Rastina"]
[BlackTeam "SK Sloga Indjija"]

1. d4 Nf6 2. c4 e6 3. Nf3 b6 4. g3 Bb4+ 5. Bd2 Qe7 6. Bg2 Bb7 7. Nc3 O-O 8. O-O
Bxc3 9. Bxc3 Ne4 10. Qc2 d5 11. Ne5 Nd7 12. Nxd7 Qxd7 13. b3 Rac8 14. Bb2 f5
15. Rad1 Rfd8 16. Bc1 Qe8 1/2-1/2

[Event "DRUGA LIGA SRBIJE-GRUPA VOJVODINA-2019."]
[Site "Kovacica"]
[Date "2019.11.05"]
[Round "7.2"]
[White "Majstorovic, Stanko"]
[Black "Ivancevic, Bozidar"]
[Result "1-0"]
[WhiteElo "2078"]
[BlackElo "2091"]
[PlyCount "85"]
[EventDate "2019.11.01"]
[WhiteTeam "SK Sloga Indjija"]
[BlackTeam "SK Polet Rastina"]

1. e4 g6 2. Nf3 Bg7 3. Bc4 d6 4. c3 Nf6 5. d3 O-O 6. O-O c6 7. a4 e5 8. h3 Qc7
9. Re1 b6 10. Nbd2 Bb7 11. Nf1 d5 12. Ba2 Nbd7 13. Ng3 dxe4 14. dxe4 Rad8 15.
Qe2 Nc5 16. Bc4 a6 17. b4 Nxa4 18. Rxa4 b5 19. Ra5 bxc4 20. Nxe5 Nd7 21. Nxd7
Rxd7 22. Qxc4 Rfd8 23. Bg5 Rd1 24. Ra1 Rxa1 25. Rxa1 Be5 26. Bxd8 Qxd8 27. Ne2
Qd2 28. Rf1 Kg7 29. Nd4 Bf6 30. f3 Qe3+ 31. Kh1 Be5 32. f4 Bxf4 33. Ne2 Be5 34.
Qxf7+ Kh6 35. Qf8+ Bg7 36. Qf4+ Qxf4 37. Rxf4 c5 38. Rh4+ Kg5 39. Rxh7 Kf6 40.
e5+ Kf7 41. e6+ Kf8 42. Rh4 cxb4 43. Rxb4 1-0

[Event "DRUGA LIGA SRBIJE-GRUPA VOJVODINA-2019."]
[Site "Kovacica"]
[Date "2019.11.05"]
[Round "7.6"]
[White "Pastar, Slaven"]
[Black "Czebe, Attila"]
[Result "0-1"]
[WhiteElo "2280"]
[BlackElo "2368"]
[PlyCount "84"]
[EventDate "2019.11.01"]
[WhiteTeam "SK Bata Cosic Opovo"]
[BlackTeam "Somborski SK Sombor"]

1. c4 e5 2. Nc3 Bb4 3. Nd5 Be7 4. e3 Nf6 5. Nxe7 Qxe7 6. Ne2 Nc6 7. Nc3 O-O 8.
Be2 Rd8 9. Qb3 b6 10. Nd5 Qd6 11. Nxf6+ Qxf6 12. Bf3 Bb7 13. Qc3 Re8 14. d3 Qg6
15. b3 Nd8 16. Bxb7 Nxb7 17. O-O Nc5 18. e4 Qd6 19. Be3 Ne6 20. b4 c6 21. g3 a5
22. bxa5 Rxa5 23. a4 Rea8 24. f4 Nc5 25. Rad1 exf4 26. Bxc5 bxc5 27. Rxf4 Rxa4
28. e5 Qe6 29. Rdf1 Ra2 30. Rxf7 Qxf7 31. Rxf7 Kxf7 32. e6+ dxe6 33. Qe5 Rc2
34. h4 h6 35. h5 Raa2 36. Qf4+ Kg8 37. Qf1 Rd2 38. Qe1 Re2 39. Qf1 Rab2 40. Kh1
Rf2 41. Qg1 Rbe2 42. g4 Kh7 0-1

[Event "DRUGA LIGA SRBIJE-GRUPA VOJVODINA-2019."]
[Site "Kovacica"]
[Date "2019.11.05"]
[Round "7.6"]
[White "Dekic, Josip"]
[Black "Kosanovic, Dragan"]
[Result "1/2-1/2"]
[WhiteElo "2254"]
[BlackElo "2280"]
[PlyCount "58"]
[EventDate "2019.11.01"]
[WhiteTeam "Somborski SK Sombor"]
[BlackTeam "SK Bata Cosic Opovo"]

1. e4 c5 2. Nf3 Nc6 3. d4 cxd4 4. Nxd4 Nf6 5. Nc3 e5 6. Ndb5 d6 7. Bg5 a6 8.
Na3 b5 9. Bxf6 gxf6 10. Nd5 Bg7 11. Bd3 Ne7 12. Nxe7 Qxe7 13. c4 f5 14. O-O O-O
15. Qf3 Rb8 16. Rfe1 fxe4 17. Bxe4 f5 18. Bd5+ Kh8 19. cxb5 axb5 20. Qb3 Bd7
21. Rac1 b4 22. Nc2 e4 23. Nxb4 Bd4 24. a3 Qe5 25. Rc2 Bc5 26. Qc3 Bxb4 27.
axb4 Rfc8 28. Qxe5+ dxe5 29. Rxc8+ Bxc8 1/2-1/2

[Event "DRUGA LIGA SRBIJE-GRUPA VOJVODINA-2019."]
[Site "Kovacica"]
[Date "2019.11.05"]
[Round "7.6"]
[White "Milojevic, Dusan"]
[Black "Tokovic, Svetozar"]
[Result "1-0"]
[WhiteElo "2244"]
[BlackElo "2227"]
[PlyCount "79"]
[EventDate "2019.11.01"]
[WhiteTeam "SK Bata Cosic Opovo"]
[BlackTeam "Somborski SK Sombor"]

1. e4 e5 2. Nf3 Nc6 3. Bb5 a6 4. Ba4 Nf6 5. d3 b5 6. Bb3 Be7 7. a4 b4 8. a5 d6
9. O-O O-O 10. h3 Be6 11. Nbd2 Bxb3 12. cxb3 Nd7 13. Nc4 Nd4 14. Be3 Nxf3+ 15.
Qxf3 Bg5 16. d4 Bxe3 17. fxe3 Qe7 18. Rae1 Rab8 19. Qd1 Rb5 20. Qc2 g6 21. Re2
d5 22. exd5 Rxd5 23. Rd2 exd4 24. Rxd4 Rxd4 25. exd4 Qe6 26. Qd2 Re8 27. Qxb4
Qd5 28. Qd2 Nf8 29. Ne3 Qxb3 30. Ng4 Re7 31. Qg5 Qe6 32. d5 Qd6 33. Rf6 Qc5+
34. Kh2 Ne6 35. Qe5 Ng7 36. Qc3 Qa7 37. Rc6 h5 38. Nf6+ Kf8 39. d6 cxd6 40.
Rc8+ 1-0

[Event "DRUGA LIGA SRBIJE-GRUPA VOJVODINA-2019."]
[Site "Kovacica"]
[Date "2019.11.05"]
[Round "7.6"]
[White "Strangar, Zlatko"]
[Black "Basta, Predrag"]
[Result "1-0"]
[WhiteElo "2204"]
[BlackElo "2215"]
[PlyCount "87"]
[EventDate "2019.11.01"]
[WhiteTeam "Somborski SK Sombor"]
[BlackTeam "SK Bata Cosic Opovo"]

1. e4 c5 2. Nf3 e6 3. d3 d5 4. Nbd2 Nc6 5. g3 Nf6 6. Bg2 Be7 7. O-O O-O 8. e5
Nd7 9. Re1 Qc7 10. Qe2 a6 11. Nf1 b5 12. Bf4 Bb7 13. h4 Nb6 14. N1h2 d4 15. Ng5
h6 16. Qh5 Bxg5 17. hxg5 Ne7 18. gxh6 g6 19. h7+ Kh8 20. Qh3 Bxg2 21. Kxg2 Qb7+
22. f3 Nbd5 23. Bg5 Nf5 24. Nf1 f6 25. exf6 Rae8 26. g4 Nfe3+ 27. Nxe3 dxe3 28.
Qh6 Nxf6 29. Bxf6+ Rxf6 30. Rxe3 Ref8 31. Rf1 Qd5 32. b3 R8f7 33. Qh2 Rf4 34.
Re4 g5 35. Rxf4 Rxf4 36. Qh5 Rf8 37. Qg6 a5 38. Qe4 Qxe4 39. fxe4 Rxf1 40. Kxf1
e5 41. a4 b4 42. c3 Kxh7 43. cxb4 cxb4 44. d4 1-0

[Event "DRUGA LIGA SRBIJE-GRUPA VOJVODINA-2019."]
[Site "Kovacica"]
[Date "2019.11.05"]
[Round "7.4"]
[White "Dedebas, Emre Emin"]
[Black "Delchev, Aleksander"]
[Result "1/2-1/2"]
[WhiteElo "2345"]
[BlackElo "2561"]
[PlyCount "25"]
[EventDate "2019.11.01"]
[WhiteTeam "SK Vojvodina Novi Sad"]
[BlackTeam "SK Mladost Nova Pazova"]

1. d4 Nf6 2. c4 e6 3. Nf3 Bb4+ 4. Bd2 c5 5. Bxb4 cxb4 6. a3 bxa3 7. Rxa3 O-O 8.
Nc3 d5 9. cxd5 exd5 10. e3 Nc6 11. Be2 Be6 12. O-O Qe7 13. Ne5 1/2-1/2

[Event "DRUGA LIGA SRBIJE-GRUPA VOJVODINA-2019."]
[Site "Kovacica"]
[Date "2019.11.05"]
[Round "7.4"]
[White "Vlatkovic, Sinisa"]
[Black "Savanovic, Vuk"]
[Result "0-1"]
[WhiteElo "2290"]
[BlackElo "2250"]
[PlyCount "74"]
[EventDate "2019.11.01"]
[WhiteTeam "SK Mladost Nova Pazova"]
[BlackTeam "SK Vojvodina Novi Sad"]

1. Nf3 Nf6 2. g3 g6 3. Bg2 Bg7 4. O-O O-O 5. c4 d6 6. d4 Nc6 7. d5 Na5 8. Na3
c5 9. Re1 a6 10. e4 b5 11. cxb5 axb5 12. b4 cxb4 13. Nc2 Bg4 14. Rb1 Nd7 15. h3
Bxf3 16. Qxf3 Bc3 17. Rf1 Ne5 18. Qe2 Nac4 19. f4 Nd7 20. Nxb4 Bxb4 21. Rxb4
Qa5 22. a3 Nxa3 23. Bd2 Nc2 24. Rxb5 Qa6 25. Bc3 Rfc8 26. Bb2 Rc5 27. Rc1 Qxb5
28. Qxb5 Rxb5 29. Rxc2 Nc5 30. Bd4 Nxe4 31. Bxe4 Rb4 32. Bxg6 Rxd4 33. Bh5 Rxd5
34. Bf3 Rc5 35. Rf2 Rac8 36. Kg2 Rc2 37. Be2 R8c3 0-1

[Event "DRUGA LIGA SRBIJE-GRUPA VOJVODINA-2019."]
[Site "Kovacica"]
[Date "2019.11.05"]
[Round "7.4"]
[White "Dragojlovic, Andjelko"]
[Black "Grcic, Vukasin"]
[Result "1-0"]
[WhiteElo "2277"]
[BlackElo "2125"]
[PlyCount "83"]
[EventDate "2019.11.01"]
[WhiteTeam "SK Vojvodina Novi Sad"]
[BlackTeam "SK Mladost Nova Pazova"]

1. e4 c5 2. Nf3 Nc6 3. Nc3 e5 4. Bc4 g6 5. d3 Bg7 6. Ng5 Nh6 7. h4 Nd4 8. h5
Ne6 9. Nxe6 dxe6 10. g4 Ng8 11. Be3 b6 12. Qd2 Nf6 13. f3 Bd7 14. Qh2 Ng8 15.
g5 Qb8 16. a4 Ne7 17. Ne2 Nc6 18. hxg6 fxg6 19. Qh3 Qd6 20. Bd2 Nb4 21. Bb3 a5
22. Nc3 O-O-O 23. O-O-O Nc6 24. Nb5 Qe7 25. c3 Kb7 26. Bc4 Na7 27. Nxa7 Kxa7
28. b3 Qe8 29. Kc2 Bc8 30. Be3 Rd6 31. Qf1 Qf7 32. Rd2 Bf8 33. Rf2 Bg7 34. Rfh2
Rdd8 35. Rxh7 Rxh7 36. Rxh7 Rh8 37. Rxh8 Bxh8 38. Qf2 Qf8 39. b4 axb4 40. cxb4
cxb4 41. Bxb6+ Kb7 42. Qc5 1-0

[Event "DRUGA LIGA SRBIJE-GRUPA VOJVODINA-2019."]
[Site "Kovacica"]
[Date "2019.11.05"]
[Round "7.4"]
[White "Stankovic, Milos M"]
[Black "Djacanin, Goran"]
[Result "1-0"]
[WhiteElo "1944"]
[BlackElo "2205"]
[PlyCount "71"]
[EventDate "2019.11.01"]
[WhiteTeam "SK Mladost Nova Pazova"]
[BlackTeam "SK Vojvodina Novi Sad"]

1. d4 Nf6 2. c4 Nc6 3. Nf3 e6 4. Nc3 Bb4 5. g3 O-O 6. Bg2 Bxc3+ 7. bxc3 d6 8.
Ba3 Nd7 9. O-O Rb8 10. Nd2 Re8 11. f4 Na5 12. e4 b6 13. Rf2 c5 14. e5 Ba6 15.
Bf1 Qc7 16. Ne4 Nxc4 17. Bxc4 Bxc4 18. Nxd6 Bd5 19. c4 Bb7 20. Nxe8 Rxe8 21. d5
b5 22. dxe6 Qc6 23. exf7+ Kxf7 24. Qd5+ Qxd5 25. cxd5 Bxd5 26. Rd2 Be6 27. f5
Bxf5 28. Rf1 Ke6 29. Rd6+ Kxe5 30. Rd2 Re7 31. Re2+ Be4 32. Rxe4+ Kxe4 33. Re1+
Kd3 34. Rxe7 b4 35. Rxd7+ Kc2 36. Bxb4 1-0

[Event "DRUGA LIGA SRBIJE-GRUPA VOJVODINA-2019."]
[Site "Kovacica"]
[Date "2019.11.05"]
[Round "7.4"]
[White "Subotic, Srbislav"]
[Black "Veljkovic, Vojislav"]
[Result "1-0"]
[WhiteElo "2070"]
[BlackElo "2142"]
[PlyCount "75"]
[EventDate "2019.11.01"]
[WhiteTeam "SK Mladost Nova Pazova"]
[BlackTeam "SK Vojvodina Novi Sad"]

1. e4 d6 2. d4 Nf6 3. Nc3 c6 4. g3 Qa5 5. Bg2 Nbd7 6. Nge2 g6 7. O-O h5 8. h3
Bg7 9. Be3 Nb6 10. b3 h4 11. g4 Nxg4 12. hxg4 Bxg4 13. f3 Be6 14. Qd3 O-O-O 15.
Rad1 Rdg8 16. Kf2 h3 17. Bh1 Bf6 18. Bf4 Qh5 19. Bh2 Bh4+ 20. Ke3 Qh6+ 21. f4
f5 22. Kd2 Bd7 23. Kc1 e5 24. dxe5 dxe5 25. Kb1 exf4 26. Bxf4 g5 27. Be3 fxe4
28. Bxe4 Rd8 29. Bf5 Bxf5 30. Qxf5+ Kb8 31. Rxd8+ Rxd8 32. Qxh3 Qg7 33. Qg4 Qe5
34. Bd4 Qa5 35. Qe6 g4 36. Be5+ Ka8 37. Bc7 Rh8 38. Qh6 1-0

[Event "DRUGA LIGA SRBIJE-GRUPA VOJVODINA-2019."]
[Site "Kovacica"]
[Date "2019.11.05"]
[Round "7.5"]
[White "Bokros, Albert"]
[Black "Csizik, Karoly"]
[Result "1-0"]
[WhiteElo "2471"]
[BlackElo "1903"]
[PlyCount "57"]
[EventDate "2019.11.01"]
[WhiteTeam "SK Krajina Krajisnik"]
[BlackTeam "SK Senta Senta"]

1. e4 e5 2. Nf3 Nc6 3. Bb5 a6 4. Ba4 Nf6 5. d4 exd4 6. O-O Be7 7. Re1 O-O 8. e5
Nd5 9. Nxd4 Nxd4 10. Qxd4 Nb6 11. Bb3 d5 12. exd6 Bxd6 13. Qe4 Bd7 14. Qxb7 Qf6
15. Qf3 Rae8 16. Be3 Qxf3 17. gxf3 Bc6 18. Nd2 Nd5 19. Bd4 Re6 20. Rxe6 fxe6
21. Re1 Rf5 22. Rxe6 Kf8 23. Re1 Nf4 24. Ne4 Nh3+ 25. Kf1 Rxf3 26. Nxd6 cxd6
27. Re6 Nf4 28. Rxd6 Be8 29. Bc5 1-0

[Event "DRUGA LIGA SRBIJE-GRUPA VOJVODINA-2019."]
[Site "Kovacica"]
[Date "2019.11.05"]
[Round "7.5"]
[White "Balla, Tamas-Kristof"]
[Black "Robulj, Nenad"]
[Result "0-1"]
[WhiteElo "2348"]
[BlackElo "2286"]
[PlyCount "70"]
[EventDate "2019.11.01"]
[WhiteTeam "SK Senta Senta"]
[BlackTeam "SK Krajina Krajisnik"]

1. d4 e6 2. c4 b6 3. Nc3 Bb7 4. Bf4 Nf6 5. e3 Be7 6. Nf3 Nh5 7. Bg3 d6 8. Bd3
Nd7 9. Qc2 g6 10. O-O-O f5 11. Ne1 Ndf6 12. Bh4 Qd7 13. f3 O-O-O 14. h3 f4 15.
exf4 Nxf4 16. Bf1 N6h5 17. Bf2 g5 18. g3 Ng6 19. Bd3 Qe8 20. d5 Ne5 21. Bxh7
Nf6 22. Bd3 Kb8 23. dxe6 g4 24. Bf5 Nxc4 25. Ne4 Qb5 26. Nc3 Qa5 27. Rd4 d5 28.
fxg4 c5 29. Rxc4 dxc4 30. Rf1 Nd5 31. Nxd5 Bxd5 32. Kb1 c3 33. b3 Qb5 34. Bd3
c4 35. Be2 Qb4 0-1

[Event "DRUGA LIGA SRBIJE-GRUPA VOJVODINA-2019."]
[Site "Kovacica"]
[Date "2019.11.05"]
[Round "7.5"]
[White "Levnajic, Pavle"]
[Black "Kopasz, Robert"]
[Result "1/2-1/2"]
[WhiteElo "2217"]
[BlackElo "2351"]
[PlyCount "120"]
[EventDate "2019.11.01"]
[WhiteTeam "SK Krajina Krajisnik"]
[BlackTeam "SK Senta Senta"]

1. e4 e5 2. Nf3 Nc6 3. Bb5 Nf6 4. Bxc6 dxc6 5. d3 Bd6 6. Nbd2 Be6 7. b3 Nd7 8.
Bb2 f6 9. O-O Qe7 10. a4 O-O-O 11. Nc4 g5 12. Nfd2 h5 13. Ne3 Nf8 14. Ndc4 Ng6
15. Bc3 Bc5 16. Qd2 Bd4 17. Rfb1 Nf4 18. Bxd4 exd4 19. Nf1 f5 20. exf5 Bd5 21.
Re1 Qf6 22. f3 h4 23. h3 Qxf5 24. Re5 Qf6 25. Nh2 Be6 26. Ng4 Bxg4 27. fxg4 Rd5
28. Re4 b6 29. Rae1 Rf8 30. Re8+ Rd8 31. R8e5 Rd5 32. Re8+ Rxe8 33. Rxe8+ Kb7
34. Qe1 Rd7 35. Qe5 Rf7 36. Qxf6 Rxf6 37. Re5 Kc8 38. Nd2 c5 39. Kh2 Re6 40.
Rxe6 Nxe6 41. g3 hxg3+ 42. Kxg3 Kd7 43. Ne4 Ke7 44. h4 gxh4+ 45. Kxh4 Kf8 46.
Kh5 Kg7 47. Kh4 Nf4 48. Ng3 Kg6 49. Nh5 Ng2+ 50. Kg3 Ne3 51. Nf4+ Kg7 52. Kf3
Nxc2 53. Ke4 Kf6 54. Nd5+ Kg5 55. Nxc7 Na1 56. b4 cxb4 57. Kxd4 Nc2+ 58. Kc4
Kxg4 59. Nd5 Kf3 60. Nxb4 Nxb4 1/2-1/2

[Event "DRUGA LIGA SRBIJE-GRUPA VOJVODINA-2019."]
[Site "Kovacica"]
[Date "2019.11.05"]
[Round "7.5"]
[White "Perisic, Radivoj"]
[Black "Nagy, Attila N"]
[Result "1-0"]
[WhiteElo "2223"]
[BlackElo "2233"]
[PlyCount "61"]
[EventDate "2019.11.01"]
[WhiteTeam "SK Krajina Krajisnik"]
[BlackTeam "SK Senta Senta"]

1. e4 c5 2. Nf3 Nc6 3. d4 cxd4 4. Nxd4 Nf6 5. Nc3 d6 6. Bg5 e6 7. Qd2 a6 8.
O-O-O Bd7 9. f4 b5 10. Bxf6 gxf6 11. Kb1 Qb6 12. Nb3 h5 13. Bd3 O-O-O 14. a3
Be7 15. Rhf1 Kb8 16. Rf3 h4 17. Bf1 Na5 18. Nxa5 Qxa5 19. Qd4 Bc6 20. f5 Kb7
21. Qe3 Qb6 22. Qe1 Qc5 23. Nd5 Bf8 24. Rc3 Qa7 25. fxe6 fxe6 26. Nf4 e5 27.
Nd5 Bxd5 28. Rxd5 Be7 29. Bxb5 axb5 30. Rxb5+ Ka8 31. Rcb3 1-0

[Event "DRUGA LIGA SRBIJE-GRUPA VOJVODINA-2019."]
[Site "Kovacica"]
[Date "2019.11.05"]
[Round "7.5"]
[White "Simonyi, Zoltan"]
[Black "Brajic, Djordje"]
[Result "1-0"]
[WhiteElo "2149"]
[BlackElo "2206"]
[PlyCount "73"]
[EventDate "2019.11.01"]
[WhiteTeam "SK Senta Senta"]
[BlackTeam "SK Krajina Krajisnik"]

1. d4 Nf6 2. c4 e6 3. Nc3 d5 4. Bg5 c6 5. e3 Nbd7 6. Qc2 Bd6 7. Nf3 O-O 8. Bd3
h6 9. Bh4 Re8 10. Rd1 dxc4 11. Bxc4 Qa5 12. O-O Qh5 13. Ne2 Ng4 14. Ng3 Qa5 15.
Ne4 Bxh2+ 16. Nxh2 Nxh2 17. Kxh2 Qh5 18. g3 g5 19. Kg2 Qg6 20. Rh1 e5 21. Bd3
gxh4 22. Rxh4 f5 23. Nc3 Nf6 24. Bc4+ Kg7 25. dxe5 Rxe5 26. Ne2 b5 27. Nf4 Qg5
28. Qc3 Re4 29. Be2 Be6 30. Rh5 Qxf4 31. gxf4 Rg8 32. Kh1 b4 33. Qxc6 Nxh5 34.
Bxh5 Kf6 35. Rd6 Ke7 36. Qc7+ Kf6 37. Qf7# 1-0